[Event "Verbandsliga Nordbaden 1617"]
[Site "Baden"]
[Date "2016.12.11"]
[Round "4.6"]
[White "Tresch, Ralf"]
[Black "Hefner, Felix"]
[Result "0-1"]
[WhiteElo "2190"]
[BlackElo "1974"]
[PlyCount "108"]
[EventDate "2016.10.09"]
[EventType "team-tourn"]
[EventRounds "9"]
[EventCountry "GER"]
[SourceTitle "EXT 2022"]
[Source "ChessBase"]
[SourceDate "2021.10.06"]
[SourceVersion "1"]
[SourceVersionDate "2021.10.06"]
[SourceQuality "1"]
[WhiteTeam "Viernheim II"]
[BlackTeam "Buchen II"]
[WhiteTeamCountry "GER"]
[BlackTeamCountry "GER"]

1. Nf3 d6 2. e4 c5 3. Bb5+ Nd7 4. 0-0 a6 5. Bd3 g6 6. c3 Bg7 7. Bc2 b6 8. Re1 Bb7 9. d4 Qc7 10. Nbd2 e6 11. Nf1 h6 12. Ng3 Ne7 13. Bd2 Rc8 14. Rc1 b5 15. Bb1 Nb6 16. b3 0-0 17. Qe2 Qd7 18. Rcd1 Rfd8 19. h4 Qe8 20. h5 g5 21. Nh2 cxd4 22. cxd4 Bxd4 23. Ba5 Nc6 24. Rxd4 Nxa5 25. Ng4 Qf8 26. e5 dxe5 27. Rxd8 Rxd8 28. Qxe5 Nd5 29. Nf6+ Nxf6 30. Qxf6 Nc6 31. Be4 Qg7 32. Qf3 Ne5 33. Qe3 Bxe4 34. Qxe4 Rd5 35. Rc1 Qf6 36. Qe2 Nd3 37. Rc8+ Kg7 38. Qc2 Qb2 39. Qxb2+ Nxb2 40. Ra8 Rd1+ 41. Kh2 Nd3 42. Ne4 Re1 43. f3 Re2 44. Rxa6 Nf4 45. a4 Rxg2+ 46. Kh1 Rb2 47. a5 Rxb3 48. Rc6 Rxf3 49. Nd6 Ra3 50. a6 b4 51. Nc8 b3 52. a7 b2 53. Rb6 Nd3 54. Kh2 e5 0-1

[Event "Verbandsliga Nordbaden 1415"]
[Site "Baden"]
[Date "2015.02.08"]
[Round "6.5"]
[White "Tresch, Ralf"]
[Black "Kraemer, Enrico"]
[Result "1/2-1/2"]
[WhiteElo "2190"]
[BlackElo "2158"]
[PlyCount "82"]
[EventDate "2014.10.12"]
[EventType "team-tourn"]
[EventRounds "9"]
[EventCountry "GER"]
[SourceTitle "EXT 2022"]
[Source "ChessBase"]
[SourceDate "2021.10.06"]
[SourceVersion "1"]
[SourceVersionDate "2021.10.06"]
[SourceQuality "1"]
[WhiteTeam "Viernheim II"]
[BlackTeam "Leimen"]
[WhiteTeamCountry "GER"]
[BlackTeamCountry "GER"]

1. Nf3 Nf6 2. c4 g6 3. g3 Bg7 4. Bg2 0-0 5. 0-0 d6 6. Nc3 Nc6 7. d3 e5 8. Bd2 Bg4 9. h3 Bd7 10. a3 Ne8 11. Rb1 f5 12. Qc1 Nf6 13. Kh2 Ne7 14. b4 Kh8 15. Bh6 Bxh6 16. Qxh6 f4 17. e4 Nfg8 18. Qh4 Qe8 19. gxf4 Rxf4 20. Qg3 Nf6 21. Ng1 Nh5 22. Qe3 Qf8 23. Nce2 Rf7 24. d4 Qg7 25. f3 g5 26. Qc3 Ng6 27. dxe5 dxe5 28. Rbd1 Nhf4 29. Rd2 Rg8 30. Rfd1 Ba4 31. Rc1 Bd7 32. Rcd1 Ba4 33. Rc1 Be8 34. Qe3 b6 35. c5 Nxg2 36. Kxg2 Nf4+ 37. Kh2 h5 38. cxb6 axb6 39. Nxf4 gxf4 40. Qf2 Rf6 41. Ne2 Rg6 1/2-1/2

[Event "Verbandsliga Nordbaden 1415"]
[Site "Baden"]
[Date "2014.11.02"]
[Round "2.5"]
[White "Eisenbeiser, Karlheinz"]
[Black "Tresch, Ralf"]
[Result "1/2-1/2"]
[WhiteElo "2041"]
[BlackElo "2190"]
[PlyCount "84"]
[EventDate "2014.10.12"]
[EventType "team-tourn"]
[EventRounds "9"]
[EventCountry "GER"]
[SourceTitle "EXT 2022"]
[Source "ChessBase"]
[SourceDate "2021.10.06"]
[SourceVersion "1"]
[SourceVersionDate "2021.10.06"]
[SourceQuality "1"]
[WhiteTeam "Buchen II"]
[BlackTeam "Viernheim II"]
[WhiteTeamCountry "GER"]
[BlackTeamCountry "GER"]

1. c4 c5 2. Nf3 Nc6 3. g3 g6 4. Bg2 Bg7 5. Nc3 e5 6. e4 Nge7 7. d3 0-0 8. 0-0 d6 9. a3 f5 10. Rb1 Nd4 11. exf5 Bxf5 12. Nxd4 cxd4 13. Nd5 Qd7 14. Nxe7+ Qxe7 15. g4 Be6 16. b4 Rf7 17. h3 Raf8 18. Bd2 Qd7 19. b5 Bf6 20. a4 Bh4 21. f3 Bg3 22. a5 Bf4 23. Bxf4 Rxf4 24. Qd2 Rc8 25. Rfe1 Kg7 26. Qb4 Rc5 27. Rb2 h6 28. Rbe2 g5 29. Re4 Rxe4 30. Rxe4 Bf7 31. Re1 Bg6 32. Qd2 Qf7 33. Kf2 Qf4 34. Qxf4 gxf4 35. Bf1 Kf6 36. h4 Be8 37. Rb1 Bf7 38. Be2 d5 39. Ke1 Rc8 40. Rb4 Rc5 41. Kd2 dxc4 42. dxc4 Be6 1/2-1/2

[Event "Bundesliga 1314"]
[Site "Germany"]
[Date "2013.10.13"]
[Round "2.8"]
[White "Tresch, Ralf"]
[Black "Fruebing, Stefan"]
[Result "0-1"]
[WhiteElo "2210"]
[BlackElo "2372"]
[PlyCount "144"]
[EventDate "2013.10.12"]
[EventType "team-tourn"]
[EventRounds "15"]
[EventCountry "GER"]
[SourceTitle "CBM 157"]
[Source "ChessBase"]
[SourceDate "2013.11.12"]
[SourceVersion "1"]
[SourceVersionDate "2013.11.12"]
[SourceQuality "1"]
[WhiteTeam "Viernheim"]
[BlackTeam "Koenig Tegel"]
[WhiteTeamCountry "GER"]
[BlackTeamCountry "GER"]

1. Nf3 Nf6 2. c4 g6 3. g3 Bg7 4. Bg2 0-0 5. 0-0 d6 6. Nc3 a6 7. d3 c6 8. a4 a5 9. Bd2 Na6 10. b3 e5 11. Rb1 Nd7 12. Qc1 Ndc5 13. Bh6 Ne6 14. Bxg7 Kxg7 15. Qd2 f5 16. d4 e4 17. Ne1 Nb4 18. d5 Nc5 19. Nc2 Nxc2 20. Qxc2 Qf6 21. Qd2 Rd8 22. Rfd1 Bd7 23. Qd4 Be8 24. f3 exf3 25. exf3 Ra6 26. Qxf6+ Kxf6 27. Ne2 cxd5 28. cxd5 Bf7 29. f4 Re8 30. Kf2 Rb6 31. Nd4 Ne4+ 32. Bxe4 Rxe4 33. Rd3 Bxd5 34. Nb5 Be6 35. Nxd6 Rxa4 36. bxa4 Rxb1 37. Ke3 Rb4 38. Rd4 Rb3+ 39. Rd3 Rb1 40. Nb5 Rb2 41. Rd6 Ke7 42. Rb6 Rxh2 43. Rxb7+ Bd7 44. Ra7 h5 45. Ra6 Rg2 46. Kf3 Ra2 47. Rxa5 Bc6+ 48. Ke3 Rg2 49. Ra7+ Kd8 50. Kd4 Rxg3 51. Kc5 Be4 52. Rh7 Rg1 53. a5 Rc1+ 54. Kb6 Rc6+ 55. Ka7 Bd3 56. Nd4 Rc7+ 57. Rxc7 Kxc7 58. Ne6+ Kd6 59. Ng5 Bf1 60. Nf3 Ke6 61. a6 Kf6 62. Kb6 Bg2 63. Ng5 h4 64. a7 Kg7 65. Kc7 Kh6 66. Nf7+ Kh5 67. Nd6 h3 68. Nb7 Bxb7 69. Kxb7 h2 70. a8Q h1Q+ 71. Ka7 Qxa8+ 72. Kxa8 Kg4 0-1

[Event "BL2-Sued 1112"]
[Site "Germany"]
[Date "2011.12.11"]
[Round "4.6"]
[White "Schenderowitsch, Michael"]
[Black "Tresch, Ralf"]
[Result "1-0"]
[WhiteElo "2286"]
[BlackElo "2221"]
[PlyCount "101"]
[EventDate "2011.10.02"]
[EventType "team-tourn"]
[EventRounds "9"]
[EventCountry "GER"]
[SourceTitle "EXT 2015"]
[Source "ChessBase"]
[SourceDate "2014.11.20"]
[SourceVersion "1"]
[SourceVersionDate "2014.11.20"]
[SourceQuality "1"]
[WhiteTeam "Schott Mainz"]
[BlackTeam "Viernheim"]
[WhiteTeamCountry "GER"]
[BlackTeamCountry "GER"]

1. c4 c6 2. d4 d5 3. cxd5 cxd5 4. Nc3 Nf6 5. Bf4 e6 6. e3 Bd6 7. Bxd6 Qxd6 8. Bd3 Nc6 9. f4 b6 10. Rc1 0-0 11. Nf3 Bb7 12. Ne5 Qe7 13. 0-0 Nxe5 14. fxe5 Nd7 15. Nb5 Ba6 16. Rc7 Qd8 17. Rxa7 Rxa7 18. Nxa7 Qc7 19. Bxa6 Qxa7 20. Bb5 Rc8 21. Qa4 Qxa4 22. Bxa4 Nb8 23. Kf2 Kf8 24. Ke2 Rc4 25. Bb3 Rc7 26. e4 Nc6 27. Ke3 Ne7 28. exd5 Nxd5+ 29. Bxd5 exd5 30. Kd2 Rc4 31. Kd3 Ke7 32. b3 Rc6 33. a4 Rh6 34. h3 Rg6 35. g4 h5 36. Rg1 hxg4 37. Rxg4 Rh6 38. h4 Ke6 39. Kc3 f6 40. exf6 gxf6 41. Rf4 Rg6 42. Kb4 Rg3 43. h5 Rh3 44. h6 f5 45. h7 Kf6 46. Rf3 Rxh7 47. Kb5 Rh4 48. Kxb6 Rxd4 49. a5 Rd1 50. b4 Ke5 51. Ra3 1-0

[Event "Verbandsliga Nord Baden 0910"]
[Site "Baden"]
[Date "2011.03.13"]
[Round "7.1"]
[White "Karpatchev, Aleksandr"]
[Black "Tresch, Ralf"]
[Result "1-0"]
[WhiteElo "2474"]
[BlackElo "2212"]
[PlyCount "47"]
[EventDate "2010.10.17"]
[EventType "team-tourn"]
[EventRounds "9"]
[EventCountry "GER"]
[SourceTitle "EXT 2012"]
[Source "ChessBase"]
[SourceDate "2011.11.24"]
[SourceVersion "1"]
[SourceVersionDate "2011.11.24"]
[SourceQuality "1"]
[WhiteTeam "Bad Mergentheim"]
[BlackTeam "Viernheim II"]
[WhiteTeamCountry "GER"]
[BlackTeamCountry "GER"]

1. e4 e6 2. d4 d5 3. e5 b6 4. Nf3 Qd7 5. a4 a5 6. c3 Ne7 7. Na3 Ba6 8. Bxa6 Nxa6 9. 0-0 Nf5 10. Nc2 h5 11. Ne3 Nxe3 12. fxe3 Be7 13. e4 dxe4 14. Ng5 Bxg5 15. Bxg5 g6 16. Qe2 c6 17. Qxe4 Rh7 18. c4 Nc7 19. Rf2 Ra7 20. Raf1 Rg7 21. Bh6 Rg8 22. Rxf7 Qxf7 23. Rxf7 Kxf7 24. Qxc6 1-0

[Event "BL2-Sued 1011"]
[Site "Germany"]
[Date "2010.10.24"]
[Round "2.7"]
[White "Kachiani Gersinska, Ketino"]
[Black "Tresch, Ralf"]
[Result "1/2-1/2"]
[WhiteElo "2314"]
[BlackElo "2212"]
[PlyCount "48"]
[EventDate "2010.10.10"]
[EventType "team-tourn"]
[EventRounds "9"]
[EventCountry "GER"]
[SourceTitle "EXT 2012"]
[Source "ChessBase"]
[SourceDate "2011.11.24"]
[SourceVersion "1"]
[SourceVersionDate "2011.11.24"]
[SourceQuality "1"]
[WhiteTeam "Baden-Baden 1922 II"]
[BlackTeam "Viernheim"]
[WhiteTeamCountry "GER"]
[BlackTeamCountry "GER"]

1. d4 Nf6 2. c4 e6 3. g3 d5 4. Nf3 Be7 5. Bg2 0-0 6. 0-0 Nbd7 7. Qc2 dxc4 8. Qxc4 a6 9. Bd2 c5 10. Qc2 Qb6 11. Na3 cxd4 12. Nc4 Qa7 13. h3 h6 14. Nxd4 Nd5 15. Nf5 exf5 16. Bxd5 Nf6 17. Bg2 Be6 18. Be3 Bc5 19. Bxc5 Qxc5 20. Ne3 Qb5 21. a4 Qb4 22. Qc3 Qxc3 23. bxc3 Rab8 24. c4 Rfe8 1/2-1/2

[Event "Oberliga Baden 0708"]
[Site "Germany"]
[Date "2007.11.24"]
[Round "3.6"]
[White "Tresch, Ralf"]
[Black "Vidonyak, Nellya"]
[Result "1/2-1/2"]
[WhiteElo "2222"]
[BlackElo "2229"]
[PlyCount "50"]
[EventDate "2007.10.21"]
[EventType "team-tourn"]
[EventRounds "9"]
[EventCountry "GER"]
[SourceTitle "EXT 2009"]
[Source "ChessBase"]
[SourceDate "2008.11.26"]
[SourceVersion "1"]
[SourceVersionDate "2008.11.26"]
[SourceQuality "1"]
[WhiteTeam "Viernheim"]
[BlackTeam "Hockenheim"]
[WhiteTeamCountry "GER"]
[BlackTeamCountry "GER"]

1. Nf3 d6 2. e4 Nf6 3. Nc3 e5 4. d4 Nbd7 5. Bc4 Be7 6. 0-0 0-0 7. Qe2 c6 8. a4 exd4 9. Nxd4 Re8 10. Be3 Bf8 11. f3 d5 12. exd5 Nb6 13. Ba2 Nbxd5 14. Bxd5 Nxd5 15. Nxd5 Qxd5 16. Qf2 c5 17. Nb5 Qe5 18. Rfe1 Bf5 19. Bd4 Qf4 20. Bxc5 Rxe1+ 21. Rxe1 Qxa4 22. Bxf8 Qxb5 23. Qc5 Qxc5+ 24. Bxc5 b6 25. Bd4 Bxc2 1/2-1/2

[Event "BL2-Sued 0506"]
[Site "Germany"]
[Date "2006.02.19"]
[Round "7.7"]
[White "Tresch, Ralf"]
[Black "Lentrodt, Thomas"]
[Result "1/2-1/2"]
[WhiteElo "2236"]
[BlackElo "2312"]
[PlyCount "63"]
[EventDate "2005.10.23"]
[EventType "team-tourn"]
[EventRounds "9"]
[EventCountry "GER"]
[SourceTitle "EXT 2007"]
[Source "ChessBase"]
[SourceDate "2006.11.23"]
[SourceVersion "1"]
[SourceVersionDate "2006.11.23"]
[SourceQuality "1"]
[WhiteTeam "Viernheim"]
[BlackTeam "Bayern Muenchen"]
[WhiteTeamCountry "GER"]
[BlackTeamCountry "GER"]

1. e4 c5 2. Nf3 e6 3. b3 Nc6 4. Bb2 d6 5. Bb5 Bd7 6. 0-0 Nf6 7. Re1 Be7 8. d4 cxd4 9. Nxd4 Nxd4 10. Bxd7+ Qxd7 11. Qxd4 0-0 12. c4 Rfd8 13. Nc3 Ne8 14. Rad1 Qc6 15. e5 dxe5 16. Qxe5 Bf6 17. Qe2 a6 18. Rxd8 Rxd8 19. Rd1 Rxd1+ 20. Nxd1 h6 21. Bxf6 Nxf6 22. Qd3 Kf8 23. Qd8+ Ne8 24. Qd4 Qd6 25. Qxd6+ Nxd6 26. Kf1 Ke7 27. Ke2 Kd7 28. Kd3 Kc6 29. Nc3 Nf5 30. g3 Ne7 31. Kd4 Nf5+ 32. Kd3 1/2-1/2

[Event "BL2-Sued 0506"]
[Site "Germany"]
[Date "2006.01.29"]
[Round "6.7"]
[White "Kolbus, Dietmar"]
[Black "Tresch, Ralf"]
[Result "1/2-1/2"]
[WhiteElo "2413"]
[BlackElo "2236"]
[PlyCount "108"]
[EventDate "2005.10.23"]
[EventType "team-tourn"]
[EventRounds "9"]
[EventCountry "GER"]
[SourceTitle "EXT 2007"]
[Source "ChessBase"]
[SourceDate "2006.11.23"]
[SourceVersion "1"]
[SourceVersionDate "2006.11.23"]
[SourceQuality "1"]
[WhiteTeam "Trier"]
[BlackTeam "Viernheim"]
[WhiteTeamCountry "GER"]
[BlackTeamCountry "GER"]

1. c4 e6 2. Nf3 Nf6 3. g3 d5 4. Bg2 Be7 5. 0-0 0-0 6. Qc2 Nbd7 7. b3 c5 8. cxd5 Nxd5 9. Bb2 Nb4 10. Qc1 Bf6 11. Nc3 Nc6 12. Ne4 Bxb2 13. Qxb2 e5 14. Nd6 Qe7 15. Nxc8 Raxc8 16. d3 b6 17. Rac1 Nf6 18. Nd2 Rfd8 19. Nc4 Nd5 20. Rfd1 h6 21. Rd2 Rb8 22. Na3 Nd4 23. Rcd1 Rbc8 24. Nb1 Nc6 25. Nc3 Nxc3 26. Qxc3 Qd6 27. Rc1 Ne7 28. Qc4 a5 29. Qb5 Rb8 30. a3 Nd5 31. Rb2 Kf8 32. Qc4 Ne7 33. Rd2 Qd4 34. Qb5 Qd7 35. Qc4 Qd4 36. Rb1 Nd5 37. Qxd4 exd4 38. Bxd5 Rxd5 39. b4 axb4 40. axb4 Rc8 41. bxc5 bxc5 42. Rb7 Ke8 43. Ra2 Rd7 44. Raa7 Rxb7 45. Rxb7 c4 46. dxc4 Rxc4 47. Kg2 d3 48. exd3 Rc3 49. d4 Rc4 50. d5 Rc5 51. d6 Rc6 52. Re7+ Kf8 53. Rd7 Ke8 54. Re7+ Kf8 1/2-1/2

[Event "Verbandsliga Nord Baden 0506"]
[Site "Germany"]
[Date "2005.11.27"]
[Round "3.1"]
[White "Tresch, Ralf"]
[Black "Vatter, Hans Joachim"]
[Result "1/2-1/2"]
[WhiteElo "2236"]
[BlackElo "2317"]
[PlyCount "81"]
[EventDate "2005.10.16"]
[EventType "team-tourn"]
[EventRounds "9"]
[EventCountry "GER"]
[SourceTitle "EXT 2007"]
[Source "ChessBase"]
[SourceDate "2006.11.23"]
[SourceVersion "1"]
[SourceVersionDate "2006.11.23"]
[SourceQuality "1"]
[WhiteTeam "Viernheim II"]
[BlackTeam "Karlsruhe Slavija"]
[WhiteTeamCountry "GER"]
[BlackTeamCountry "GER"]

1. e4 d5 2. exd5 Qxd5 3. Nc3 Qd6 4. Bc4 Nf6 5. d3 a6 6. Qf3 Nc6 7. Ne4 Qe5 8. Ne2 Bf5 9. Nxf6+ Qxf6 10. Ng3 Be6 11. Qxf6 exf6 12. Bxe6 fxe6 13. Bd2 Bd6 14. Ne4 e5 15. 0-0-0 f5 16. Nxd6+ cxd6 17. f4 0-0 18. Rhe1 Rae8 19. fxe5 dxe5 20. Bc3 Kf7 21. Re2 Re6 22. d4 exd4 23. Rxe6 Kxe6 24. Bxd4 Nxd4 25. Rxd4 f4 26. Kd1 f3 27. gxf3 Rxf3 28. Rh4 h6 29. Ke2 Rf7 30. Rb4 Kf5 31. Kf3 g5 32. h3 Rc7 33. c3 Rd7 34. Ke2 h5 35. a4 g4 36. hxg4+ hxg4 37. Kf2 a5 38. Rb6 Kf4 39. Rf6+ Kg5 40. Rb6 Kf4 41. Rf6+ 1/2-1/2

[Event "Verbandsliga Nord Baden 0405"]
[Site "Germany"]
[Date "2005.01.09"]
[Round "5.3"]
[White "Tresch, Ralf"]
[Black "Nonnenmacher, Eberhard"]
[Result "1/2-1/2"]
[WhiteElo "2236"]
[BlackElo "2285"]
[PlyCount "78"]
[EventDate "2004.10.10"]
[EventType "team-tourn"]
[EventRounds "9"]
[EventCountry "GER"]
[SourceTitle "EXT 2007"]
[Source "ChessBase"]
[SourceDate "2006.11.23"]
[SourceVersion "1"]
[SourceVersionDate "2006.11.23"]
[SourceQuality "1"]
[WhiteTeam "Viernheim II"]
[BlackTeam "Heidelberg II"]
[WhiteTeamCountry "GER"]
[BlackTeamCountry "GER"]

1. e4 c5 2. Nf3 Nc6 3. Bb5 d6 4. 0-0 Bd7 5. Re1 g6 6. c3 Bg7 7. d4 a6 8. Bxc6 Bxc6 9. d5 Bd7 10. Nbd2 Nf6 11. Nf1 0-0 12. Ng3 Qc7 13. Bf4 Ng4 14. Qd2 Rfe8 15. Rad1 b5 16. h3 Ne5 17. Nxe5 dxe5 18. Be3 Rec8 19. h4 a5 20. h5 Ra6 21. f3 c4 22. Kf2 b4 23. Ne2 Rb8 24. Rb1 e6 25. Bh6 Qc5+ 26. Be3 Qd6 27. Red1 exd5 28. Qxd5 Qxd5 29. Rxd5 Be6 30. Rd2 Bf8 31. Rbd1 Be7 32. f4 f6 33. Kf3 a4 34. g4 a3 35. Rb1 b3 36. bxa3 Rxa3 37. axb3 cxb3 38. f5 Bf7 39. Rd7 Bd8 1/2-1/2

[Event "Verbandsliga Nord Baden 0405"]
[Site "Germany"]
[Date "2004.12.05"]
[Round "4.3"]
[White "Strohhaeker, Ralph"]
[Black "Tresch, Ralf"]
[Result "0-1"]
[WhiteElo "2113"]
[BlackElo "2236"]
[PlyCount "52"]
[EventDate "2004.10.10"]
[EventType "team-tourn"]
[EventRounds "9"]
[EventCountry "GER"]
[SourceTitle "EXT 2007"]
[Source "ChessBase"]
[SourceDate "2006.11.23"]
[SourceVersion "1"]
[SourceVersionDate "2006.11.23"]
[SourceQuality "1"]
[WhiteTeam "Conweiler"]
[BlackTeam "Viernheim II"]
[WhiteTeamCountry "GER"]
[BlackTeamCountry "GER"]

1. c4 e6 2. d4 d5 3. cxd5 exd5 4. Nc3 c6 5. Nf3 Bf5 6. Bf4 Nf6 7. e3 Qb6 8. Qb3 Qxb3 9. axb3 Nbd7 10. Nd2 Be7 11. f3 Bg6 12. g4 h6 13. Kf2 a6 14. h4 Nf8 15. Na4 N6d7 16. Bg3 Ne6 17. Bh3 Rf8 18. Rag1 f5 19. Be5 Nxe5 20. dxe5 Bxh4+ 21. Ke2 Be7 22. f4 d4 23. exd4 Nxf4+ 24. Kd1 Nxh3 25. Rxh3 fxg4 26. Re3 Rd8 0-1

[Event "BL2-Sued 0405"]
[Site "Germany"]
[Date "2004.11.14"]
[Round "2.8"]
[White "Tresch, Ralf"]
[Black "Bangert, Bodo"]
[Result "1/2-1/2"]
[WhiteElo "2236"]
[BlackElo "2216"]
[PlyCount "103"]
[EventDate "2004.10.24"]
[EventType "team-tourn"]
[EventRounds "9"]
[EventCountry "GER"]
[SourceTitle "EXT 2007"]
[Source "ChessBase"]
[SourceDate "2006.11.23"]
[SourceVersion "1"]
[SourceVersionDate "2006.11.23"]
[SourceQuality "1"]
[WhiteTeam "Viernheim"]
[BlackTeam "Untergrombach"]
[WhiteTeamCountry "GER"]
[BlackTeamCountry "GER"]

1. e4 c5 2. Nf3 Nc6 3. Bb5 e6 4. Bxc6 bxc6 5. 0-0 d5 6. Re1 Nf6 7. e5 Nd7 8. d3 Be7 9. Nc3 0-0 10. Bf4 Qa5 11. Qd2 c4 12. dxc4 Bb4 13. Nd4 Bxc3 14. Qxc3 Qxc3 15. bxc3 Nb6 16. c5 Na4 17. c4 Nxc5 18. Nxc6 dxc4 19. Be3 Ne4 20. Rab1 Nc3 21. Rb4 Ba6 22. Bc5 Rfe8 23. Nd4 Rab8 24. a3 Rxb4 25. axb4 Bb5 26. Nxb5 Nxb5 27. Kf1 Rc8 28. Rd1 h5 29. Rd7 Rb8 30. Ke1 a6 31. Kd2 Rc8 32. f3 Rc6 33. Rb7 Rc8 34. h4 Rd8+ 35. Ke2 Rd5 36. f4 c3 37. Be3 Nd4+ 38. Bxd4 Rxd4 39. Ke3 Rd2 40. Ra7 Rxc2 41. Rxa6 Rxg2 42. Rc6 c2 43. Kd3 Rf2 44. Rxc2 Rxf4 45. Rb2 Rxh4 46. b5 Ra4 47. b6 Ra8 48. Kd4 Kh7 49. Rf2 Ra1 50. Rb2 Ra8 51. Rf2 Ra1 52. Rb2 1/2-1/2

[Event "Oberliga Baden 0304 "]
[Site "Germany"]
[Date "2003.10.12"]
[Round "1.1"]
[White "Herbrechtsmeier, Christof"]
[Black "Tresch, Ralf"]
[Result "1/2-1/2"]
[WhiteElo "2292"]
[BlackElo "2250"]
[PlyCount "27"]
[EventDate "2003.10.12"]
[EventType "team-tourn"]
[EventRounds "9"]
[EventCountry "GER"]
[SourceTitle "EXT 2006"]
[Source "ChessBase"]
[SourceDate "2005.11.24"]
[SourceVersion "1"]
[SourceVersionDate "2005.11.24"]
[SourceQuality "1"]
[WhiteTeam "Kuppenheim"]
[BlackTeam "Viernheim II"]
[WhiteTeamCountry "GER"]
[BlackTeamCountry "GER"]

1. e4 c5 2. Nf3 Nc6 3. d4 cxd4 4. Nxd4 Qb6 5. Nf3 e6 6. Bd3 Nf6 7. 0-0 d6 8. Qe2 Be7 9. c3 0-0 10. Nbd2 Qc7 11. Re1 Bd7 12. Nf1 Rfd8 13. h3 a6 14. Bf4 1/2-1/2

[Event "BL2-Sued 0304"]
[Site "Germany"]
[Date "2003.??.??"]
[Round "?.6"]
[White "Tresch, Ralf"]
[Black "Remmler, Hans Peter"]
[Result "1/2-1/2"]
[WhiteElo "2250"]
[BlackElo "2240"]
[PlyCount "32"]
[EventDate "2003.10.??"]
[EventType "team-tourn"]
[EventRounds "9"]
[EventCountry "GER"]
[SourceTitle "CBM 100 Extra"]
[Source "ChessBase"]
[SourceDate "2004.07.06"]
[SourceVersion "2"]
[SourceVersionDate "2004.07.06"]
[SourceQuality "1"]
[WhiteTeam "Viernheim"]
[BlackTeam "Boeblingen"]
[WhiteTeamCountry "GER"]
[BlackTeamCountry "GER"]

1. e4 e5 2. Nf3 Nf6 3. d4 Nxe4 4. dxe5 d5 5. exd6 Bxd6 6. Nbd2 Nxd2 7. Bxd2 0-0 8. Be2 Nc6 9. 0-0 Bf5 10. Bg5 Qd7 11. c3 Rfe8 12. Re1 h6 13. Bh4 Re4 14. Bg3 Bxg3 15. hxg3 Rd8 16. Qxd7 Rxd7 1/2-1/2

[Event "Baden VLN 0203"]
[Site "Baden"]
[Date "2002.11.24"]
[Round "3.1"]
[White "Leibbrand, Udo Manfred"]
[Black "Tresch, Ralf"]
[Result "0-1"]
[WhiteElo "2125"]
[BlackElo "2287"]
[PlyCount "86"]
[EventDate "2002.10.13"]
[EventType "team-tourn"]
[EventRounds "9"]
[EventCountry "GER"]
[SourceTitle "EXT 2022"]
[Source "ChessBase"]
[SourceDate "2021.10.06"]
[SourceVersion "1"]
[SourceVersionDate "2021.10.06"]
[SourceQuality "1"]
[WhiteTeam "Pforzheim"]
[BlackTeam "Viernheim II"]
[WhiteTeamCountry "GER"]
[BlackTeamCountry "GER"]

1. d4 d5 2. Nf3 Nf6 3. c4 c6 4. e3 e6 5. Nc3 Nbd7 6. Bd3 dxc4 7. Bxc4 a6 8. a3 c5 9. dxc5 Bxc5 10. b4 Ba7 11. Bb2 0-0 12. 0-0 b5 13. Bb3 Nb6 14. Qe2 Bb7 15. e4 Rc8 16. Rfd1 Qe7 17. e5 Nfd5 18. Ne4 Nc4 19. Bd4 Nf4 20. Qe1 Bxe4 21. Qxe4 Ng6 22. Bxc4 Rxc4 23. Rac1 Bxd4 24. Rxc4 Bxf2+ 25. Kxf2 bxc4 26. Qxc4 a5 27. Rd4 axb4 28. axb4 Rb8 29. Qc3 h6 30. Rc4 Qb7 31. h4 Qb6+ 32. Kg3 Ne7 33. h5 Nf5+ 34. Kh3 Qf2 35. Rg4 Rd8 36. Qc5 Qe2 37. Qc4 Rd3 38. b5 Rxf3+ 39. gxf3 Qxf3+ 40. Kh2 Ne3 41. Qc8+ Kh7 42. Rg1 Qf2+ 43. Kh1 Qh4# 0-1

[Event "Baden VLN 0203"]
[Site "Baden"]
[Date "2002.10.13"]
[Round "1.2"]
[White "Geyer, Bernhard"]
[Black "Tresch, Ralf"]
[Result "1/2-1/2"]
[WhiteElo "2110"]
[BlackElo "2287"]
[PlyCount "81"]
[EventDate "2002.10.13"]
[EventType "team-tourn"]
[EventRounds "9"]
[EventCountry "GER"]
[SourceTitle "EXT 2022"]
[Source "ChessBase"]
[SourceDate "2021.10.06"]
[SourceVersion "1"]
[SourceVersionDate "2021.10.06"]
[SourceQuality "1"]
[WhiteTeam "Ladenburg"]
[BlackTeam "Viernheim II"]
[WhiteTeamCountry "GER"]
[BlackTeamCountry "GER"]

1. d4 d5 2. f4 g6 3. Nf3 Bg7 4. c3 Nf6 5. e3 0-0 6. Nbd2 b6 7. Bd3 Ba6 8. Bxa6 Nxa6 9. Qe2 Nb8 10. e4 dxe4 11. Nxe4 Nbd7 12. Ng3 c5 13. Be3 Nd5 14. 0-0 e6 15. Ne4 Nxe3 16. Qxe3 cxd4 17. Nxd4 Nf6 18. Nxf6+ Bxf6 19. Rad1 Qc7 20. Ne2 Rfd8 21. Ng3 Be7 22. Kh1 Rxd1 23. Rxd1 Rd8 24. Rxd8+ Qxd8 25. Qd4 Qxd4 26. cxd4 Kf8 27. Kg1 Ke8 28. Ne4 f5 29. Nc3 Bf6 30. Ne2 b5 31. Kf2 Kd7 32. Ke3 Kc6 33. Kd3 h6 34. h3 g5 35. g4 gxf4 36. Nxf4 Kd6 37. Nh5 Bh8 38. gxf5 exf5 39. b3 Kd5 40. Nf4+ Kd6 41. Nh5 1/2-1/2

[Event "BL2-Sued 0102"]
[Site "Germany"]
[Date "2002.04.14"]
[Round "8.5"]
[White "Tresch, Ralf"]
[Black "Reinhardt, Bernd"]
[Result "1/2-1/2"]
[WhiteElo "2312"]
[BlackElo "2305"]
[PlyCount "66"]
[EventDate "2001.10.07"]
[EventType "team-tourn"]
[EventRounds "9"]
[EventCountry "GER"]
[SourceTitle "CBM 088 Extra"]
[Source "ChessBase"]
[SourceDate "2002.07.01"]
[SourceVersion "2"]
[SourceVersionDate "2002.07.01"]
[SourceQuality "1"]
[WhiteTeam "Viernheim"]
[BlackTeam "Eppingen"]
[WhiteTeamCountry "GER"]
[BlackTeamCountry "GER"]

1. e4 g6 2. d4 Bg7 3. f4 d6 4. Nc3 c6 5. Nf3 Bg4 6. Be3 Nf6 7. h3 Bxf3 8. Qxf3 Qa5 9. e5 Nd5 10. Bd2 Nxc3 11. Bxc3 Qd5 12. Be2 Nd7 13. 0-0 Qxf3 14. Bxf3 0-0 15. Bb4 Rfd8 16. Rad1 a5 17. Bd2 e6 18. Bc1 Nb6 19. Be2 a4 20. c4 d5 21. c5 Nd7 22. Rd3 b6 23. cxb6 Rdb8 24. Rfd1 Rxb6 25. Rc3 Bf8 26. Rc2 Rab8 27. Rd3 c5 28. dxc5 Nxc5 29. Rdc3 Ne4 30. Rc8 Rxc8 31. Rxc8 Kg7 32. Bd3 Bc5+ 33. Kh2 Bd4 1/2-1/2